Computer fundamentals and C programming (Record no. 180260)

MARC details
000 -LEADER
fixed length control field 00413nam a2200157Ia 4500
008 - FIXED-LENGTH DATA ELEMENTS--GENERAL INFORMATION
fixed length control field 230917s9999||||xx |||||||||||||| ||und||
040 ## - CATALOGING SOURCE
-- 228861
Original cataloging agency VIVEKANANDA LIBRARY
041 ## - Language
-- English
082 ## - DDC NUMBER
Classification number 005.133 B181C(2)
100 ## - MAIN ENTRY--PERSONAL NAME
Personal name Balagurusamy, E
245 #0 - TITLE STATEMENT
Title Computer fundamentals and C programming
250 ## - EDITION STATEMENT
Edition statement 2nd ed.
260 ## - PUBLICATION, DISTRIBUTION, ETC. (IMPRINT)
Place of publication, distribution, etc New Delhi
Name of publisher, distributor, etc McGraw Hill Education (India)
Date of publication, distribution, etc 2022
300 ## - PHYSICAL DESCRIPTION
Pages 609 p.
942 ## - ADDED ENTRY ELEMENTS (KOHA)
Koha item type Books
Holdings
Withdrawn status Lost status Damaged status Not for loan Location (home branch) Sublocation or collection (holding branch) Shelving location Date acquired Koha issues (times borrowed) Koha full call number Accession No. Koha date last seen Koha item type
        VIVEKANANDA LIBRARY VIVEKANANDA LIBRARY UIET Library 07/10/2015 7 005.133 B181C(2) 349361 27/03/2026 Books
        VIVEKANANDA LIBRARY VIVEKANANDA LIBRARY UIET Library 07/10/2015 4 005.133 B181C(2) 349362 12/03/2026 Books
        VIVEKANANDA LIBRARY VIVEKANANDA LIBRARY UIET Library 07/10/2015 6 005.133 B181C(2) 349363 27/03/2026 Books
        VIVEKANANDA LIBRARY VIVEKANANDA LIBRARY UIET Library 07/10/2015 8 005.133 B181C(2) 349364 24/03/2026 Books
        VIVEKANANDA LIBRARY VIVEKANANDA LIBRARY UIET Library 07/10/2015 12 005.133 B181C(2) 349365 16/04/2026 Books
        VIVEKANANDA LIBRARY VIVEKANANDA LIBRARY UIET Library 07/10/2015 7 005.133 B181C(2) 349366 13/03/2026 Books
© Designed and Maintained by Vivekananda Library, MDU Rohtak